| Record ID | harvard_bibliographic_metadata/20220215_002.bib.mrc:232189385:1282 |
| Source | Harvard University |
| Download Link | /show-records/harvard_bibliographic_metadata/20220215_002.bib.mrc:232189385:1282?format=raw |
LEADER: 01282nam a2200241 a 4500
005 20020606104010.5
008 990312s1998 gw b 000|0 ger d
001 990080587150203941
035 $a(MH)008058715HVD01-Aleph
020 $a3150097304$0(uri) http://www.isbnsearch.org/isbn/3150097304
035 $a(OCoLC)47928328$0(uri) http://www.worldcat.org/oclc/47928328
041 0 $agergrclat
100 1 $aSteinmann, Kurt,$d1945-$0(uri) http://id.loc.gov/authorities/names/n87915624$0(uri) http://viaf.org/viaf/sourceID/LC|n87915624
245 10 $aMeisterstücke der griechischen und römischen Literatur /$cinterpretiert von Kurt Steinmann.
260 $aStuttgart :$bReclam,$cc1998.
300 $a208 p. ;$c15 cm.
490 0 $aUniversal-Bibliothek (Stuttgart, Germany) ;$vNr. 9730
504 $aIncludes bibliographical references.
546 $aGerman, Greek and Latin.
650 0 $aClassical literature$xExplication.$0(uri) http://id.loc.gov/authorities/subjects/sh85026706
583 1 $acommitted to retain$c20181001$din perpetuity$fReCAP Shared Collection$5HUL$8222034936020003941
852 0 $bWID$cHD$hPA3521$i.S74 1998x$8222034936020003941
876 $8222034936020003941$q1$70$mHD$yBOOK$pHXUQZU$cHD$0232034936010003941$zcommitted to retain - ReCAP$h01$nPA3521 .S74 1998x$bWID$lWID